|
|
|
|
| LEADER |
01503nam a2200277 a 4500 |
| 001 |
2557350 |
| 008 |
091210s1994 bg b 100 0 eng d |
| 999 |
|
|
|c 6173
|d 6173
|
| 010 |
|
|
|a 94905521
|
| 020 |
|
|
|a 9840512579 :
|c Tk325.00
|
| 040 |
|
|
|a DLC
|c DLC
|d DLC
|d BD-DhAAL
|
| 082 |
0 |
4 |
|a 331.48113
|2 20
|
| 110 |
2 |
|
|a Association of Management Development Institutions in South Asia.
|b Academic Conference
|n (3rd :
|d 1994 :
|c Dhaka, Bangladesh)
|9 32890
|
| 245 |
1 |
0 |
|a Women in management, champions of change :
|b papers presented at the Third Academic Conference of Management Development Institutions in South Asia (AMDISA) : February 7, 1994 Dhaka, Bangladesh /
|c editor, Khair Jahan Sogra.
|
| 260 |
|
|
|a Dhaka :
|b University Press,
|c 1994.
|
| 300 |
|
|
|a vii, 159 p. ;
|c 25 cm.
|
| 504 |
|
|
|a Includes bibliographical references.
|
| 520 |
|
|
|a With special reference to South Asia.
|
| 541 |
1 |
|
|e 00005330
|
| 650 |
|
0 |
|a Women executives
|z South Asia
|x Congresses.
|9 32891
|
| 650 |
|
0 |
|a Businesswomen
|z South Asia
|x Congresses.
|9 32892
|
| 700 |
1 |
|
|a Sogra, Khair Jahan.
|9 32893
|
| 852 |
4 |
|
|a Ayesha Abed Library
|j General Shelf.
|
| 942 |
|
|
|2 ddc
|c BK
|
| 952 |
|
|
|0 0
|1 0
|2 ddc
|4 0
|6 331_481130000000000_WOM_1994
|7 0
|9 6176
|a BRACUL
|b BRACUL
|c GEN
|d 2009-12-17
|g 325.00
|l 0
|o 331.48113 WOM
|p 3010005330
|r 2009-12-17
|t 1
|v 650.00
|w 2009-12-17
|y BK
|
| 952 |
|
|
|0 0
|1 0
|2 ddc
|4 0
|6 331_481130000000000_WOM
|7 0
|9 6177
|a BRACUL
|b BRACUL
|c GEN
|d 2009-12-17
|g 0.00
|l 0
|o 331.48113 WOM
|p 3010014088
|r 2009-12-17
|t 2
|w 2009-12-17
|y BK
|x No price found in the accession register.
|